|
|
|
|
| LEADER |
00000nam a2200000 a 4500 |
| 001 |
UCL2737 |
| 003 |
CL-VaPUC |
| 008 |
031107e19800000MX |||||||||||||||||spa|d |
| 082 |
0 |
4 |
|a 530
|b MCK
|2 21
|
| 100 |
|
|
|a McKelvey, John P.
|e autor
|9 497994
|
| 700 |
0 |
|
|a Grotch, Howard
|e author
|9 497995
|
| 245 |
1 |
0 |
|a Física para ciencias e ingeniería
|
| 300 |
|
|
|a v
|
| 942 |
|
|
|c BK
|
| 945 |
|
|
|d 20031107 00:00:00
|a vberengu
|
| 260 |
|
|
|a Ciudad de México
|b Harla
|c 1980
|
| 650 |
|
0 |
|a Física
|9 227844
|
| 650 |
|
7 |
|a LEYES DE NEWTON
|2 CL-VaPUC
|9 354936
|
| 650 |
|
0 |
|a Fuerza
|9 345825
|
| 650 |
|
0 |
|a Energía
|9 259431
|
| 650 |
|
0 |
|a Cinemática
|9 260942
|
| 650 |
|
0 |
|a Termodinámica
|9 259320
|
| 650 |
|
7 |
|a CAMPOS ELECTRICOS
|2 CL-VaPUC
|9 497996
|
| 650 |
|
7 |
|a CAMPOS MAGNETICOS
|2 CL-VaPUC
|9 497997
|
| 650 |
|
0 |
|a Magnetismo
|9 260336
|
| 650 |
|
7 |
|a ELECTROSTATICA
|2 CL-VaPUC
|9 497998
|
| 650 |
|
0 |
|a Ondas electromagnéticas
|9 354947
|
| 650 |
|
7 |
|a FISICA NUCLEAR
|2 CL-VaPUC
|9 270366
|
| 650 |
|
0 |
|a Física cuántica
|9 354949
|
| 583 |
|
|
|a last modification
|c 20031107 00:00:00
|k Rodrigo Vera
|
| 999 |
|
|
|c 315967
|d 315965
|
| 952 |
|
|
|0 0
|1 0
|4 0
|6 530_000000000000000_MCK_1980
|7 0
|8 A
|9 389875
|a BIBCUR
|b BIBCUR
|d 2019-11-22
|h v.1
|i 2084864
|l 1
|o 530 MCK 1980
|p 2084864
|r 2025-04-22
|s 2025-03-24
|w 2019-11-22
|y BK
|k FIS
|
| 952 |
|
|
|0 0
|1 0
|4 0
|6 530_000000000000000_MCK_1980
|7 0
|8 A
|9 389876
|a BIBCUR
|b BIBCUR
|d 2019-11-22
|h v.2
|i 2084872
|l 1
|o 530 MCK 1980
|p 2084872
|r 2025-04-22
|s 2025-03-24
|w 2019-11-22
|y BK
|k FIS
|